| Tag |
First Indicator |
Second Indicator |
Subfields |
| LEADER |
00000cam a2200000M 4500 |
| 001 |
in00004514213 |
| 005 |
20191204153859.0 |
| 008 |
850920s1679 enk 000 0 eng d |
| 035 |
|
|
|a (OCoLC)ocn228727574
|
| 035 |
|
|
|a (OCoLC)228727574
|
| 040 |
|
|
|a Cu-RivES
|e dcrb
|c HUV
|d OCLCG
|d TMV
|d UtOrBLW
|
| 049 |
|
|
|a TMVM
|c 1
|
| 060 |
|
4 |
|a QB 29
|b S172h 1679
|
| 100 |
1 |
|
|a Salmon, William,
|d 1644-1713.
|
| 245 |
1 |
0 |
|a Horae mathematicae, seu, Urania· :
|b The soul of astrology: containing that art in all its parts. In four books. Illustrated with the names, numbers and natures of the faces of the signs, the planets, nodes, aspects and houses: the setting of a figure: explication of terms of art: refutation of planetary hours, deep, pitted, lame and azimene degrees: the doctrine of nativities, shewing all the ways of rectifying, directing and giving judgment thereon, from Regiomonanus, Argol, Kepler, Morinus and otehrs, deduced from a consideration of the signs, aspects, nodes, houses, planets and fixed stars, as they are related by position, direction, transit and revolution: the radical solution of all manner of demands, radical elections; the resolution of all horary questions; the method of annual judgments, monthly observations, judgments on eclipses, comets, conjunctions of Saturn and Jupiter, aphelions of the erraticks, meteorologick predictions, and a demonstration of the aspects of the planets; together with the various ways of finding the planets and fixed stars rising, southing and setting, by new tables, never before published. The Via nova Genethliaca, or our new way of managing nativities, and finding out all their several directions, by inspection only, without trouble of calculation, being most consentaneous to nature, reason and truth. The whole work a new thing, the like never yet extant. /
|c By William Salmon, professor of physick.
|
| 264 |
|
3 |
|a London :
|b printed by Tho. Dawks, his Majesties British printer, at the Blew-Anchor, at the west end of St. Pauls,
|c 1679.
|
| 300 |
|
|
|a 24 unnumbered pages, 525 pages, 3 unnumbered pages :
|b tables ;
|c octavo.
|
| 336 |
|
|
|a text
|2 rdacontent
|b txt
|
| 337 |
|
|
|a unmediated
|2 rdamedia
|
| 338 |
|
|
|a volume
|2 rdacarrier
|b nc
|
| 500 |
|
|
|a Includes half-title.
|
| 510 |
4 |
|
|a Wing (CD-ROM, 1996),
|c S430
|
| 510 |
4 |
|
|a ESTC (RLIN),
|c R006301
|
| 561 |
|
|
|a John G.P. Wood (collection sold to TMV, small red label "J.G.P. Wood M.R.C.V.S" on back paste-down).
|5 TMV
|
| 563 |
|
|
|a Incomplete half-title page, title page replaced at early date with hand lettered copy.
|5 TMV
|
| 650 |
|
0 |
|a Astrology
|v Early works to 1800.
|
| 650 |
|
2 |
|a Astrology.
|
| 999 |
f |
f |
|s 336b5809-af82-3848-9c7d-2c0327357dee
|i f7450b89-65e9-30f2-a089-9e174eda3f6e
|t 0
|
| 952 |
f |
f |
|p noncirc
|a Texas A&M University
|b College Station
|c Medical Sciences Library
|d MSL: Special Collections
|t 0
|e QB 29 S172h 1679
|h National Library of Medicine classification
|i unmediated -- volume
|m 323890189704B
|
| 998 |
f |
f |
|a QB 29 S172h 1679
|t 0
|l MSL: Special Collections
|